[Event "USCF (Railway) Challenge"]
[Site "Limoges"]
[Date "2016.04.20"]
[Round "2"]
[White "Jeanjean, Laurent"]
[Black "Questel, Alain"]
[Result "1-0"]
[WhiteElo "1827"]
[BlackElo "1790"]
[PlyCount "61"]
[EventDate "2016.04.20"]
[EventType "swiss"]
[EventRounds "3"]
[EventCountry "FRA"]
[SourceTitle "EXT 2019"]
[Source "ChessBase"]
[SourceDate "2018.10.10"]
[SourceVersion "1"]
[SourceVersionDate "2018.10.10"]
[SourceQuality "1"]

1. d4 Nf6 2. c4 d6 3. Nc3 g6 4. e4 Bg7 5. Be2 c5 6. d5 Qa5 7. Bd2 0-0 8. h3 Nbd7 9. Nf3 a6 10. Qc2 Qd8 11. Bg5 h6 12. Be3 Rb8 13. g4 Kh7 14. g5 Ng8 15. gxh6 Bxh6 16. Ng5+ Kg7 17. h4 Bxg5 18. Bxg5 Ngf6 19. h5 Rh8 20. 0-0-0 Nxh5 21. Bxh5 gxh5 22. Rdg1 f6 23. Bh6+ Kf7 24. Rg7+ Ke8 25. Rxh5 Ne5 26. Bf4 Ng4 27. e5 f5 28. e6 Qa5 29. Bg5 Rf8 30. Rxe7+ Kd8 31. Qxf5 1-0

[Event "Montpellier op 20th"]
[Site "Montpellier"]
[Date "2014.07.08"]
[Round "4"]
[White "Jeanjean, Laurent"]
[Black "Mouret, Arnaud"]
[Result "0-1"]
[WhiteElo "1904"]
[BlackElo "1495"]
[PlyCount "42"]
[EventDate "2014.07.05"]
[EventType "swiss"]
[EventRounds "9"]
[EventCountry "FRA"]
[SourceTitle "CBM 161 Extra"]
[Source "ChessBase"]
[SourceDate "2014.08.29"]
[SourceVersion "1"]
[SourceVersionDate "2014.08.29"]
[SourceQuality "1"]

1. d4 d5 2. c4 Nf6 3. cxd5 Qxd5 4. Nc3 Qd8 5. e4 e6 6. Nf3 Bb4 7. Bd3 c5 8. 0-0 cxd4 9. Nxd4 0-0 10. e5 Nd5 11. Qc2 g6 12. Bh6 Re8 13. Ne4 Be7 14. Bc4 f5 15. exf6 Bxf6 16. Nxf6+ Qxf6 17. Qd2 Qf7 18. Rfd1 Nc6 19. Nxe6 Bxe6 20. Bxd5 Bxd5 21. Qxd5 Re1+ 0-1

[Event "Vergeze Gard-chB"]
[Site "Vergeze"]
[Date "2012.05.17"]
[Round "1"]
[White "Jeanjean, Laurent"]
[Black "Fernandez, Clement"]
[Result "1/2-1/2"]
[WhiteElo "1944"]
[BlackElo "1749"]
[PlyCount "117"]
[EventDate "2012.05.17"]
[EventType "tourn"]
[EventRounds "7"]
[EventCountry "FRA"]
[SourceTitle "EXT 2013"]
[Source "ChessBase"]
[SourceDate "2012.11.22"]
[SourceVersion "1"]
[SourceVersionDate "2012.11.22"]
[SourceQuality "1"]

1. d4 d5 2. c4 c6 3. cxd5 cxd5 4. Nc3 Nf6 5. Nf3 Nc6 6. Bf4 e6 7. e3 Bd6 8. Bg3 0-0 9. Rc1 Bxg3 10. hxg3 Qb6 11. a3 Bd7 12. Bd3 Rfc8 13. Ne5 Qd8 14. Bxh7+ Kf8 15. Bg6 Nxe5 16. Rh8+ Ng8 17. Bh7 Qg5 18. Rxg8+ Ke7 19. Rxc8 Rxc8 20. dxe5 Rh8 21. Bd3 d4 22. exd4 Rh1+ 23. Bf1 Bc6 24. Nb1 Bb5 25. Nd2 Qh6 26. Rc7+ Kd8 27. Qc2 Bc6 28. Rxc6 bxc6 29. Qxc6 Qg6 30. Qe4 Qg5 31. Qc2 Qe7 32. Ne4 Qb7 33. Nd6 Qa6 34. Qc4 Qxc4 35. Nxc4 Kd7 36. Nd6 f6 37. f4 Kc6 38. Kf2 Kd5 39. Ne8 Kxd4 40. exf6 gxf6 41. Nxf6 Rh8 42. b3 e5 43. Ng4 e4 44. Ne3 a5 45. a4 Kc3 46. Bc4 Rd8 47. g4 Rd2+ 48. Ke1 Ra2 49. f5 Kd4 50. b4 Ra1+ 51. Kf2 axb4 52. f6 Rxa4 53. f7 Ra8 54. g5 Ke5 55. Kg3 Kd4 56. Kf4 Kc3 57. g6 b3 58. Bxb3 Kxb3 59. g7 1/2-1/2

[Event "Montpellier op"]
[Site "Montpellier"]
[Date "2007.12.27"]
[Round "3"]
[White "Debray, Christopher"]
[Black "Jeanjean, Laurent"]
[Result "1/2-1/2"]
[WhiteElo "2380"]
[BlackElo "1996"]
[PlyCount "29"]
[EventDate "2007.12.26"]
[EventType "swiss"]
[EventRounds "7"]
[EventCountry "FRA"]
[SourceTitle "CBM 122 Extra"]
[Source "ChessBase"]
[SourceDate "2008.03.04"]
[SourceVersion "1"]
[SourceVersionDate "2008.03.04"]
[SourceQuality "1"]

1. e4 Nf6 2. e5 Nd5 3. d4 d6 4. Nf3 Bg4 5. Be2 c6 6. h3 Bxf3 7. Bxf3 dxe5 8. dxe5 e6 9. 0-0 Nd7 10. Qe2 Qc7 11. Re1 Bc5 12. c3 0-0 13. b4 Be7 14. a3 a5 15. Ra2 1/2-1/2

[Event "Montpellier op"]
[Site "Montpellier"]
[Date "2006.12.??"]
[Round "2"]
[White "Jeanjean, Laurent"]
[Black "Prie, Eric"]
[Result "0-1"]
[WhiteElo "1951"]
[BlackElo "2516"]
[PlyCount "110"]
[EventDate "2006.12.26"]
[EventType "swiss"]
[EventRounds "9"]
[EventCountry "FRA"]
[SourceTitle "CBM 116 Extra"]
[Source "ChessBase"]
[SourceDate "2007.03.07"]
[SourceVersion "1"]
[SourceVersionDate "2007.03.07"]
[SourceQuality "1"]

1. d4 d5 2. c4 c6 3. cxd5 cxd5 4. Nf3 Nf6 5. Nc3 Nc6 6. Bf4 a6 7. Ne5 Qb6 8. Qa4 Qxb2 9. Rc1 e6 10. Nxc6 Bd7 11. Nd1 Qa3 12. Qxa3 Bxa3 13. Rc3 Bf8 14. Ne5 Bb4 15. Nxd7 Kxd7 16. f3 Rhc8 17. Bd2 Bxc3 18. Nxc3 Rc6 19. e4 Rac8 20. e5 Rxc3 21. Bxc3 Rxc3 22. exf6 gxf6 23. a4 Ra3 24. Kd2 Rxa4 25. Kc3 Ra2 26. h4 Kd6 27. Rh3 Rf2 28. Rh1 h6 29. Rg1 f5 30. Bd3 f4 31. Rb1 Kc7 32. Rb2 Rxb2 33. Kxb2 f6 34. Kc3 b5 35. Bh7 e5 36. Bg6 a5 37. Bd3 Kc6 38. Bf5 Kb6 39. Bg6 b4+ 40. Kd3 Kc6 41. Be8+ Kd6 42. Ba4 Ke7 43. Bb5 Ke6 44. Ba4 Kf7 45. Bd7 Kg6 46. Bc6 Kh5 47. Bxd5 Kxh4 48. Be4 exd4 49. Kxd4 Kg3 50. Bf5 Kxg2 51. Bg4 f5 52. Bh5 Kg3 53. Kc4 Kh4 54. Be8 h5 55. Kb5 b3 0-1